Culture Générale - Série 2395 - Statistiques

Statistiques générales
  • Ce quiz a été pris 122 fois
  • Le résultat moyen est 4 sur 10
Statistiques - réponses
Question Réponse % Correct
Quelle est la langue officielle de la Chine ? mandarin
97%
Quel est le prénom de la première femme à avoir été nommée Premier Ministre en France ? voir photo Edith
81%
Quel pays la République populaire de Chine occupe-t-elle militairement depuis 1950 ? Tibet
75%
Dans quel pays la militante socialiste Rosa Luxemburg a-t-elle été assassinée par un militaire en 1919 ? Allemagne
58%
Sifflement parasite dû au rapprochement d'un micro près d'un haut-parleur -du nom du physicien danois ayant remarqué ce phénomène larsen
55%
Quel mot de 8 lettres contenant 3 " r " signifie "local où l'on range des objets" ?- resserre
8%
Quel est le nom de la plante surnommée l’herbe à verrue ? chélidoine
6%
Sous quel nom connait-on mieux la plante appelée "alfalfa" ? luzerne
5%
Matelot chargé de l'entretien et de la manœuvre de la voilure - 6 lettres commençant par " g " gabier
4%
Mot portugais qui désigne, à la fois, un radeau de bois descendant un fleuve et une embarcation traditionnelle des côtes brésiliennes - titre d'un roman de Jules Verne jangada
2%
Aucun quiz correspondant
Distribution des résultats
% des personnes avec chaque résultat
Percentile par nombre de réponses
Votre historique - résultats
Vous n’avez pas pris ce quiz